Meracia karta pre synchrónne meranie unifikovaných signnálov
Saved in:
| Main Author: | |
|---|---|
| Other Authors: | , |
| Format: | Manuscript Book |
| Language: | Slovak |
| Published: |
Bratislava :
STU v Bratislave FEI,
2001
|
| Subjects: | |
| Tags: |
No Tags, Be the first to tag this record!
|
MARC
| LEADER | 00000ntm a22000003a 4500 | ||
|---|---|---|---|
| 001 | stu73496 | ||
| 005 | 20160719164802.7 | ||
| 008 | 020131s2001------------------------slo-d | ||
| 040 | |a STU |b slo | ||
| 041 | 0 | |a slo | |
| 100 | 1 | |a Matijek, Roman |4 aut | |
| 245 | 1 | |a Meracia karta pre synchrónne meranie unifikovaných signnálov | |
| 260 | |a Bratislava : |b STU v Bratislave FEI, |c 2001 | ||
| 300 | |a 67 s | ||
| 650 | 7 | |a automatizácia |2 stusub | |
| 700 | 1 | |a Trup, Ivan |4 ths | |
| 700 | 1 | |a Setnička, Vít |4 ths |u E190 |U FEI Fakulta elektrotechniky a informatiky |T FEI Katedra merania |U E190 |Y 66 | |